| 000 | 00809nam a2200217 i 4500 | ||
|---|---|---|---|
| 001 | 66996 | ||
| 003 | ES-MaACL | ||
| 005 | 20240503110109.0 | ||
| 007 | t| | ||
| 008 | 040429s2002 sp ||||1| spa d | ||
| 020 | _a84-688-0666-8 | ||
| 080 | _a821.134.2 Cervantes Saavedra, Miguel de 7 Quijote. 07 | ||
| 100 | 1 |
_aGonzález, Ángel, _d1925-2008 _958280 |
|
| 245 | 1 | 0 |
_aViaje por los alrededores de Don Quijote / _cAngel González. |
| 260 |
_aMadrid : _bFederación de Asociaciones de Profesores de Español, _c2002 [i.e. 2003] |
||
| 300 |
_a27 p. ; _c12 x 18 cm. |
||
| 600 | 1 | 4 |
_aCervantes Saavedra, Miguel de, _d1547-1616. _tDon Quijote de la Mancha _937612 |
| 710 | 2 |
_aFederación de Asociaciones de Profesores de Español. _94094 |
|
| 852 |
_aES-MaACL _j2162-F-21 |
||
| 999 |
_c66996 _d66996 |
||